<?xml version="1.0" encoding="UTF-8"?>
<record
    xmlns:xsi="http://www.w3.org/2001/XMLSchema-instance"
    xsi:schemaLocation="http://www.loc.gov/MARC21/slim http://www.loc.gov/standards/marcxml/schema/MARC21slim.xsd"
    xmlns="http://www.loc.gov/MARC21/slim">

  <leader>01652aab a2200265 i 4500</leader>
  <controlfield tag="001">768714001</controlfield>
  <controlfield tag="003">CO-MdFUSB</controlfield>
  <controlfield tag="005">20230605162015.0</controlfield>
  <controlfield tag="008">171122s2013    ck ||||| |||| 00| 0 spa d</controlfield>
  <datafield tag="022" ind1=" " ind2=" ">
    <subfield code="a">0120-3649</subfield>
  </datafield>
  <datafield tag="040" ind1=" " ind2=" ">
    <subfield code="a">CO-MdFUSB</subfield>
    <subfield code="b">spa</subfield>
    <subfield code="c">CO-MdFUSB</subfield>
    <subfield code="d">CO-MdFUSB</subfield>
  </datafield>
  <datafield tag="041" ind1=" " ind2=" ">
    <subfield code="a">spa</subfield>
  </datafield>
  <datafield tag="100" ind1="1" ind2=" ">
    <subfield code="a">Brighenti, Agenor</subfield>
    <subfield code="e">autor</subfield>
  </datafield>
  <datafield tag="245" ind1="1" ind2="0">
    <subfield code="a">Nueva evangelizaci&#xF3;n y conversi&#xF3;n pastoral </subfield>
    <subfield code="b">: un abordaje desde la Iglesia en Am&#xE9;rica Latina y el Caribe</subfield>
    <subfield code="c">/ Agenor Brighenti</subfield>
  </datafield>
  <datafield tag="300" ind1=" " ind2=" ">
    <subfield code="a">Volumen 63. N&#xFA;mero 176 (2013), p&#xE1;ginas 331-366</subfield>
    <subfield code="c">: 24 cm.</subfield>
  </datafield>
  <datafield tag="520" ind1="1" ind2=" ">
    <subfield code="a">La necesidad de una &#x201C;nueva evangelizaci&#xF3;n&#x201D; es un imperativo ante el desaf&#xED;o de mantener siempre viva y actual la novedad del Evangelio. Para remitirse al origen de la expresi&#xF3;n, por lo general se hace referencia a un discurso pronunciado por Juan Pablo II. Sin embargo, &#x201C;nueva evangelizaci&#xF3;n&#x201D; es un concepto que ya hab&#xED;a aparecido en la Conferencia de Medell&#xED;n, para expresar la exigencia de llevar adelante la renovaci&#xF3;n del Concilio Vaticano II. No obstante, la traducci&#xF3;n m&#xE1;s fiel de la exigencia evang&#xE9;lica de una nueva evangelizaci&#xF3;n es la expresi&#xF3;n &#x201C;conversi&#xF3;n pastoral&#x201D;, formulada por la Conferencia de Santo Domingo y retomada en la Conferencia de Aparecida. </subfield>
  </datafield>
  <datafield tag="650" ind1="1" ind2="0">
    <subfield code="a">Evangelizaci&#xF3;n</subfield>
    <subfield code="9">362</subfield>
  </datafield>
  <datafield tag="653" ind1=" " ind2=" ">
    <subfield code="a">Cristiandad</subfield>
  </datafield>
  <datafield tag="653" ind1=" " ind2=" ">
    <subfield code="a">Modernidad</subfield>
  </datafield>
  <datafield tag="653" ind1=" " ind2=" ">
    <subfield code="a">Vaticano II</subfield>
  </datafield>
  <datafield tag="653" ind1=" " ind2=" ">
    <subfield code="a">Aparecida</subfield>
  </datafield>
  <datafield tag="773" ind1="0" ind2=" ">
    <subfield code="t">Theologica Xaveriana</subfield>
    <subfield code="0">49424</subfield>
    <subfield code="9">59865</subfield>
    <subfield code="g">Volumen 63. N&#xFA;mero 176 (2013), p&#xE1;ginas 331-366</subfield>
    <subfield code="q">P&#xE1;gina 331</subfield>
  </datafield>
  <datafield tag="773" ind1="0" ind2=" ">
    <subfield code="t">Theologica Xaveriana</subfield>
    <subfield code="0">49424</subfield>
    <subfield code="9">81967</subfield>
    <subfield code="g">Volumen 63. N&#xFA;mero 176 (2013), p&#xE1;ginas 331-366</subfield>
    <subfield code="q">P&#xE1;gina 331</subfield>
    <subfield code="o">R14380</subfield>
  </datafield>
  <datafield tag="942" ind1=" " ind2=" ">
    <subfield code="c">ANA</subfield>
  </datafield>
  <datafield tag="999" ind1=" " ind2=" ">
    <subfield code="c">63569</subfield>
    <subfield code="d">63569</subfield>
  </datafield>
</record>
